Diagnósticos evaluativos de la enseñanza de las ciencias generales, el español y el inglés en la educación general básica y en la educación diversificada: formación académica y situación laboral: primer informe final
Đã lưu trong:
| Tác giả của công ty: | |
|---|---|
| Định dạng: | Texto |
| Được phát hành: |
San José:
IIMED. UCR
|
| Các nhãn: |
Thêm thẻ
Không có thẻ, Là người đầu tiên thẻ bản ghi này!
|
MARC
| LEADER | 00000 a a2200000 04500 | ||
|---|---|---|---|
| 001 | 21356 | ||
| 003 | |||
| 040 | |||
| 090 | |a 093700 | ||
| 110 | |a UCR. Facultad de Educación. Instituto de Investigación para el Mejoramiento de la Educación Costarricense | ||
| 245 | |a Diagnósticos evaluativos de la enseñanza de las ciencias generales, el español y el inglés en la educación general básica y en la educación diversificada: formación académica y situación laboral: primer informe final | ||
| 260 | |a San José: |b IIMED. UCR | ||
| 300 | |a 45 p. | ||
| 999 | |c 15672 |d 15672 | ||
